| 000 | 00948nam a2200277Ia 4500 | ||
|---|---|---|---|
| 999 |
_c53642 _d53642 |
||
| 001 | 20689 | ||
| 003 | GE_BSU | ||
| 005 | 20210304233328.0 | ||
| 008 | 181216s2005||||xx |||||||||||||| ||eng|| | ||
| 020 | _a9781588293008 | ||
| 040 | _cGE_BSU | ||
| 041 | _aeng | ||
| 080 | _a616.07 T-44 | ||
| 245 | 4 |
_aThe Principles of Clinical Cytogenetics / _cEdited by Steven L. Gersen and Martha B. Keagle |
|
| 250 | _aSecond edition | ||
| 264 |
_aNew Jersey : _bHumana Press, _c2005. |
||
| 300 |
_a596 p.: _bill. +1Cd ; _c28 cm. |
||
| 541 | _h153 Gel. | ||
| 653 | _aThe Principles of Clinical Cytogenetics | ||
| 653 | _aПринципы клинической цитогенетики | ||
| 653 | _aკლინიკური ციტოგენეტიკის პრინციპები | ||
| 653 | _aმედიცინა | ||
| 700 |
_a Gersen, Steven L. _910337 |
||
| 700 |
_aKeagle, Martha B. _eEdited by _910338 |
||
| 942 |
_cBK _2udc |
||